[Event "Morbihan-ch 1011"]
[Site "Morbihan"]
[Date "2011.03.26"]
[Round "6.13"]
[White "Le Deventec, Antoine"]
[Black "Le Coz, Yannick"]
[Result "1-0"]
[WhiteElo "1450"]
[BlackElo "1666"]
[PlyCount "123"]
[EventDate "2010.10.09"]
[EventType "swiss"]
[EventRounds "7"]
[EventCountry "FRA"]
[SourceTitle "EXT 2014"]
[Source "ChessBase"]
[SourceDate "2013.11.20"]
[SourceVersion "1"]
[SourceVersionDate "2013.11.20"]
[SourceQuality "1"]

1. e4 e5 2. Nf3 Nc6 3. Bc4 Bc5 4. d3 d6 5. h3 Na5 6. Nc3 Nxc4 7. dxc4 a6 8. a3 Be6 9. b4 Ba7 10. Qd3 c6 11. 0-0 Qb6 12. Be3 Qc7 13. Bxa7 Rxa7 14. Ng5 Ra8 15. Nxe6 fxe6 16. Rfd1 Rd8 17. c5 dxc5 18. Qxd8+ Qxd8 19. Rxd8+ Kxd8 20. bxc5 Nf6 21. f3 Ke7 22. Rb1 Rb8 23. Kf2 Nd7 24. Na4 Kd8 25. Ke3 Kc7 26. g3 b5 27. cxb6+ Nxb6 28. Rxb6 Rxb6 29. Nxb6 Kxb6 30. Kd3 c5 31. Kc4 a5 32. a4 Kc6 33. f4 exf4 34. gxf4 g6 35. h4 Kb6 36. f5 gxf5 37. exf5 exf5 38. Kd5 c4 39. c3 f4 40. Ke4 f3 41. Kxf3 Kc6 42. Ke4 Kc5 43. h5 h6 44. Ke5 Kc6 45. Kd4 Kb6 46. Kd5 Kb7 47. Kc5 Ka6 48. Kxc4 Kb6 49. Kd5 Kc7 50. c4 Kc8 51. Kc6 Kd8 52. Kb6 Kc8 53. Kxa5 Kc7 54. Kb5 Kb7 55. a5 Ka7 56. Kc6 Kb8 57. c5 Kc8 58. Kd6 Kd8 59. a6 Kc8 60. a7 Kb7 61. Kd7 Kxa7 62. c6 1-0

[Event "Morbihan-ch 1011"]
[Site "Morbihan"]
[Date "2010.12.04"]
[Round "3.18"]
[White "Ollivier, Lydie"]
[Black "Le Deventec, Antoine"]
[Result "0-1"]
[WhiteElo "1499"]
[BlackElo "1450"]
[PlyCount "86"]
[EventDate "2010.10.09"]
[EventType "swiss"]
[EventRounds "7"]
[EventCountry "FRA"]
[SourceTitle "EXT 2014"]
[Source "ChessBase"]
[SourceDate "2013.11.20"]
[SourceVersion "1"]
[SourceVersionDate "2013.11.20"]
[SourceQuality "1"]

1. e4 e5 2. Nf3 Nc6 3. Bc4 Bc5 4. c3 Nf6 5. d3 d6 6. Nbd2 Ng4 7. h3 Nxf2 8. Ng5 Qxg5 9. Qf3 0-0 10. h4 Qe3+ 11. Qxe3 Bxe3 12. Rf1 Bxd2+ 13. Bxd2 Ng4 14. 0-0-0 Be6 15. Bb5 a6 16. Ba4 b5 17. Bc2 Bxa2 18. d4 exd4 19. cxd4 Nxd4 20. Bd3 Nb3+ 21. Kc2 Nxd2 22. Kxd2 Bc4 23. Rc1 Bxd3 24. Kxd3 c5 25. Rf4 Ne5+ 26. Kc3 b4+ 27. Kd2 a5 28. Ra1 Rfe8 29. Kc2 Nc4 30. g4 d5 31. exd5 Ne3+ 32. Kd2 Nxd5 33. Rf3 Rad8 34. Raf1 Ne3+ 35. Kc1 Nxf1 36. Rxf1 Re4 37. Kc2 c4 38. Rd1 Re2+ 39. Kc1 Rxd1+ 40. Kxd1 Rxb2 41. g5 a4 42. Kc1 c3 43. h5 a3 0-1